000 00300nam a2200133Ia 4500
005 20251222144849.0
008 251222s9999||||xx |||||||||||||| ||spa||
082 _a220.61/K17
100 _aKaiser, Federico
245 0 _aTe llama la Biblia:
250 _a2a.ed.
264 _bSESATOR
942 _cLIB
999 _c21540
_d21540